| 000 | 01499nam a2200217Ia 4500 | ||
|---|---|---|---|
| 003 | Ost | ||
| 005 | 20260416102356.0 | ||
| 008 | 260416s9999||||xx |||||||||||||| ||und|| | ||
| 040 | _cfsecg | ||
| 041 | _aara | ||
| 082 | _a1.6 | ||
| 100 |
_aزايدة، حسام _eمؤلف |
||
| 245 | 0 |
_aمحاضرات في مقياس تدقيق ومراقبة نظم المعلومات : _bمقدمة لطلبة السنة أولى ماستر تخصص محاسبة / _c حسام زايدة |
|
| 260 |
_aالجزائر _bجامعة الجزائر3: كلية العلوم الإقتصادية، العلوم التجارية وعلوم التسيير _c2020 |
||
| 300 |
_a98 ورقة _bايضاحات30سم |
||
| 504 | _aمراجع ص.95 | ||
| 520 | _aالمفاهيم النظرية الاساسية للتدقيق و المعايير المعتمدة فيه ، تحليل متطلبات نظم المعلومات و خطوات تصميم انظمة المعلومات مفاهيم عامة حول تدقيق انظمة المعلومات و معاير التدقيق في ظل نظم المعلومات الالكترونية ، المسك المحاسبي للاعلام الالي و التدقيق في ظل تبني محاسبة الكترونية. | ||
| 653 | _aنظم المعلومات- المؤسسة الممتدة | ||
| 710 |
_aجامعة الجزائر3: كلية العلوم الإقتصادية، العلوم التجارية وعلوم التسيير _eناشر علمي |
||
| 942 | _cHANDOUT | ||
| 999 |
_c41215 _d41215 |
||